សត្វទាំង ១២ : (Record no. 8313)

MARC details
000 -LEADER
fixed length control field 01456nam a22002777a 4500
001 - CONTROL NUMBER
control field 8313
003 - CONTROL NUMBER IDENTIFIER
control field FISKH
005 - DATE AND TIME OF LATEST TRANSACTION
control field 20250909083552.0
008 - FIXED-LENGTH DATA ELEMENTS--GENERAL INFORMATION
fixed length control field 250909b cb ||||| |||| 00| 0 eng d
020 ## - INTERNATIONAL STANDARD BOOK NUMBER
International Standard Book Number 9789996301919
040 ## - CATALOGING SOURCE
Original cataloging agency FISKH
Language of cataloging khr
Transcribing agency FISKH
Modifying agency FISKH
082 ## - DEWEY DECIMAL CLASSIFICATION NUMBER
Classification number 133.5
100 ## - MAIN ENTRY--PERSONAL NAME
Personal name Saren, Koam
245 ## - TITLE STATEMENT
Title សត្វទាំង ១២ :
Remainder of title 12 Animals /
260 ## - PUBLICATION, DISTRIBUTION, ETC.
Place of publication, distribution, etc. Phnom Penh :
Name of publisher, distributor, etc. Reading Books,
Date of publication, distribution, etc. 2013.
300 ## - PHYSICAL DESCRIPTION
Extent 21 pages :
Other physical details color illustrations ;
Dimensions 17 x 25 cm
505 ## - FORMATTED CONTENTS NOTE
Formatted contents note L<br/>
520 ## - SUMMARY, ETC.
Summary, etc. នៅសម័យបុរាណ ព្រះសក្យមុន (ឬព្រះអាទិទេព នៅក្នុងរឿងនិទានខ្លះៗ) បានអំពាវនាវឲ្យសត្វមកប្រកួត ដើម្បីជ្រើសរើសឲ្យធ្វើជាតំណាងឆ្នាំ។ សត្វជាច្រើនបានចូលរួមប្រកួត ដោយបង្ហាញភាពឆ្លាតវៃ កម្លាំង និងល្បឿន។
520 ## - SUMMARY, ETC.
Summary, etc. Long ago, the Buddha (or a heavenly god, in some versions) invited animals to a race to decide which ones would become symbols of the years. Many animals joined, each showing cleverness, strength, and speed.
521 8# - TARGET AUDIENCE NOTE
Target audience note 510 <br/>
Source Lexile estimate <br/>
521 8# - TARGET AUDIENCE NOTE
Target audience note L<br/>
Source Razz-Plus <br/>
650 ## - SUBJECT ADDED ENTRY--TOPICAL TERM
Topical term or geographic name entry element សត្ច​
650 ## - SUBJECT ADDED ENTRY--TOPICAL TERM
Topical term or geographic name entry element Animals
942 ## - ADDED ENTRY ELEMENTS (KOHA)
Source of classification or shelving scheme Dewey Decimal Classification
Koha item type Khmer Books
Suppress in OPAC No
Holdings
Withdrawn status Lost status Source of classification or shelving scheme Damaged status Not for loan Collection Home library Current library Shelving location Date acquired Total Checkouts Full call number Barcode Date last seen Copy number Price effective from Koha item type
    Dewey Decimal Classification     Khmer-English Bilingual / ភាសាខ្មែរ-អង់គ្លេស Footprints International School Library Network Toul Kork Campus Footprints International School Library Network Toul Kork Campus TK Old Khmer Books (Rear Hallway Shelf 3) 09/09/2025   SAR 133.5 PZ7 FISTK04595 09/09/2025 1 09/09/2025 Khmer Books
    Dewey Decimal Classification     Khmer-English Bilingual / ភាសាខ្មែរ-អង់គ្លេស Footprints International School Library Network Toul Tom Poung Campus Footprints International School Library Network Toul Tom Poung Campus TTP Primary Khmer Bookshelves 10/09/2025   SAR 133.5 PZ7 2025-4513 10/09/2025 2 10/09/2025 Khmer Books